[Event "It (open)"]
[Site "masterchessopen.com Vitoria (Brazil)"]
[Date "2001.06.14"]
[Round "1"]
[White "Valle Adriano (BRA)"]
[Black "Pinheiro Iung (BRA)"]
[Result "1-0"]
[WhiteElo "2222"]
[BlackElo "2151"]

1.Nf3 d5 2.d4 Nf6 3.c4 c6 4.Nbd2 g6 5.g3 Bg7 6.Bg2 O-O 7.O-O c5 8.dxc5 Na6
9.cxd5 Qxd5 10.Nb3 Qxd1 11.Rxd1 Ne4 12.c6 bxc6 13.Nfd4 f5 14.Nxc6 Kf7 15.f3
Nd6 16.Bg5 Re8 17.Nxe7 Rxe7 18.Rxd6 Rxe2 19.Bf1 Be5 20.Rd8 Rxb2 21.Bc4+ Be6
22.Bxe6+ Kxe6 23.Rxa8 Rxb3 24.Re1 {#r} 1-0

[Event "It (open)"]
[Site "masterchessopen.com Szombathely (Hungary)"]
[Date "2001.07.22"]
[Round "7"]
[White "Budai David (HUN)"]
[Black "Horvath Reka (HUN)"]
[Result "1-0"]
[WhiteElo "2135"]
[BlackElo "2052"]

1.d4 Nf6 2.Nf3 g6 3.c4 Bg7 4.g3 c6 5.Bg2 d5 6.Nbd2 O-O 7.O-O Qc7 8.b3 b6 9.Bb2
Bb7 10.Qc2 Rd8 11.cxd5 Nxd5 12.Rac1 e6 13.Rfe1 Na6 14.e4 Ne7 15.Qb1 Rac8
16.Nc4 Qb8 17.Nce5 c5 18.Nxf7 Kxf7 19.Ng5+ Kg8 20.Nxe6 Bxd4 21.Nxd8 Rxd8
22.Rcd1 Qe5 23.Bxd4 cxd4 24.Qd3 Nc5 25.Qc4+ Kh8 26.f4 Qd6 27.b4 Na4 28.e5 Qd7
29.e6 Qc8 30.Rxd4 Bxg2 31.Qxc8 Rxc8 32.Kxg2 Kg7 33.Rd7 Kf6 34.g4 Re8 35.g5+
Kg7 36.Red1 Kf8 37.Rxa7 Nb2 38.Rdd7 b5 39.Ra5 Nc4 40.Rxb5 Na3 41.Rc5 {#r} 1-0

[Event "It (cat.4)"]
[Site "masterchessopen.com Asuncion (Paraguay)"]
[Round "10"]
[White "Dorin Mauricio (ARG)"]
[Black "Gamarra Caceres Carlos (PAR)"]
[Result "1-0"]
[WhiteElo "2391"]
[BlackElo "2228"]

1.Nf3 Nf6 2.c4 g6 3.g3 Bg7 4.Bg2 c6 5.O-O O-O 6.d4 d5 7.Nbd2 Bf5 8.b3 Ne4
9.Bb2 Nxd2 10.Nxd2 Qd7 11.Re1 Rd8 12.e3 Na6 13.a3 Nc7 14.Bc3 dxc4 15.bxc4 Bh3
16.Bh1 Ne6 17.Qb3 Rab8 18.Rad1 b5 19.cxb5 cxb5 20.Bb4 Rdc8 21.Ne4 Qc7 22.d5
Nd8 23.d6 Qc4 24.dxe7 Nc6 25.Qxc4 bxc4 26.Nd6 {#r} 1-0

[Event "It (open)"]
[Site "masterchessopen.com Cappelle la Grande (France)"]
[Round "5"]
[White "Arkell Keith C (ENG)"]
[Black "Czarnota Dorota (POL)"]
[Result "1-0"]
[WhiteElo "2527"]
[BlackElo "2191"]

1.d4 Nf6 2.c4 g6 3.g3 c6 4.Nf3 Bg7 5.Bg2 O-O 6.O-O d5 7.Nbd2 Bf5 8.b3 a5 9.a3
b5 10.a4 b4 11.Bb2 Ne4 12.Rc1 Nd7 13.Re1 Nxd2 14.Qxd2 Rc8 15.e3 Qb6 16.Qe2 Qa6
17.h3 Be4 18.Nd2 Bxg2 19.Kxg2 e6 20.e4 dxe4 21.Nxe4 Qa7 22.Rcd1 Rcd8 23.Qf3
Qc7 24.c5 h6 25.h4 f5 26.Nd6 Nxc5 27.dxc5 Bxb2 28.Rxe6 Rf6 29.Re8+ {#r} 1-0

[Event "Ch Germany (seniors)"]
[Site "masterchessopen.com Freudenstadt (Germany)"]
[Round "2"]
[White "Korn Juergen-Christoph (GER)"]
[Black "Packroff Hermann (GER)"]
[Result "0-1"]
[WhiteElo "2011"]
[BlackElo "2253"]

1.c4 Nf6 2.g3 c6 3.d4 d5 4.Nd2 g6 5.Bg2 Bg7 6.Ngf3 O-O 7.O-O Bf5 8.Qb3 Qc7
9.Ne5 Nbd7 10.Ndf3 Nxe5 11.Nxe5 Rfd8 12.Bf4 dxc4 13.Nxc4 Qc8 14.Rfd1 Be6
15.Qc2 Nd5 16.Bxd5 Rxd5 17.Be5 Bxe5 18.Nxe5 c5 19.Nf3 Bg4 20.Rac1 Bxf3 21.exf3
Qh3 22.Qe4 Rad8 23.Qxe7 R8d7 24.Qf6 Rf5 25.Qh4 Qxh4 26.gxh4 cxd4 27.Kg2 b6
28.Rd3 Rc5 29.Rcd1 Rc2 30.R1d2 Rxd2 31.Rxd2 Kg7 32.Kg3 f5 33.f4 Kf6 34.Kf3 Ke6
35.Ke2 Kd5 36.b3 Ke4 37.h5 d3+ 38.Kd1 gxh5 39.Kc1 Rc7+ 40.Kb2 Rc2+ 41.Rxc2
dxc2 42.Kxc2 Kxf4 43.Kd3 Kf3 44.Kd4 h4 45.Ke5 Kxf2 46.Kxf5 Kg2 47.Kg4 h3 {#R}
0-1

[Event "It (open)"]
[Site "masterchessopen.com Kavala (Greece)"]
[Round "4"]
[White "Hellsten Johan (SWE)"]
[Black "Khamatgaleev Alexej (RUS)"]
[Result "1-0"]
[WhiteElo "2488"]
[BlackElo "2441"]

1.d4 Nf6 2.Nf3 g6 3.g3 Bg7 4.Bg2 O-O 5.O-O c6 6.Nbd2 d5 7.c4 Na6 8.b3 c5 9.Bb2
cxd4 10.Bxd4 Nc7 11.Rc1 Be6 12.Qc2 Bf5 13.Qb2 Ne6 14.Be5 dxc4 15.Nxc4 Be4
16.Rfd1 Qe8 17.Nd6 exd6 18.Bxf6 Bxf6 19.Qxf6 Rd8 20.h4 Qb5 21.e3 Qa5 22.Qb2
Rfe8 23.b4 Qb6 24.a3 h5 25.Qf6 Qb5 26.Bf1 Qa4 27.Nd2 d5 28.Bh3 Bc2 29.Bxe6
fxe6 30.Nf3 Rd7 31.Ne5 Rg7 32.Re1 Bf5 33.Rc3 Rf8 34.Qg5 a5 35.Rec1 Be4 36.f3
axb4 37.axb4 Bf5 38.Qf4 Qa2 39.Qd4 g5 40.hxg5 Rxg5 41.Qh4 Rg7 42.Rc8 Bg6
43.Rxf8+ Kxf8 44.Qf6+ Kg8 45.Nxg6 Kh7 46.Nf8+ Kg8 47.Qxe6+ Kh8 48.Ng6+ Kh7
49.Qf5 Kh6 50.Nf4 {#r} 1-0

[Event "It (open) \"]
[Site "masterchessopen.com Kocaeli (Turkey)"]
[Round "4"]
[White "Arduman Can (TUR)"]
[Black "Kirali Mehmet (TUR)"]
[Result "1-0"]
[WhiteElo "2380"]
[BlackElo "2059"]

1.d4 Nf6 2.Nf3 g6 3.c4 Bg7 4.g3 c6 5.Bg2 d5 6.Nbd2 O-O 7.O-O Nbd7 8.b3 Re8
9.Bb2 Nf8 10.Ne5 Bf5 11.Ndf3 Ne4 12.Rc1 Bh6 13.e3 Qb6 14.Nh4 Be6 15.Qc2 Nf6
16.Qe2 N6d7 17.Nd3 Qa6 18.Nb4 Qb6 19.cxd5 Qxb4 20.dxe6 Nxe6 21.d5 cxd5 22.Bxd5
Nec5 23.a3 Qb6 24.b4 Ne6 25.Qc4 Rac8 26.Qxc8 Rxc8 27.Rxc8+ Ndf8 28.Rd1 Bg7
29.Bxg7 Kxg7 30.Rb8 Nd8 31.Rc8 Nde6 32.Nf3 Nd7 33.Rc3 Nf6 34.Rcd3 h5 35.h4 Nc7
36.Bb3 a5 37.bxa5 Qxa5 38.Ng5 e6 39.e4 Qb5 40.Rf3 Qe5 41.Rdd3 Na6 42.Rc3 Nc5
43.Bc2 b6 44.Kg2 Kg8 45.Rce3 Kg7 46.Rf4 Ncd7 47.Rd3 Nc5 48.Re3 Ncd7 49.Rb3 Qc5
50.Bd3 Ne5 51.Be2 Qc2 52.Re3 Qc6 53.Rb3 Qc2 54.Re3 Qc6 55.Bd1 Qc1 56.Be2 Qc6
57.Bd1 Qc1 {#r} 1-0

[Event "Tournament (swiss)"]
[Site "masterchessopen.com Lima (Peru)"]
[Round "6"]
[White "Retamozo Henry (PER)"]
[Black "Pacheco Marco (PER)"]
[Result "0-1"]
[WhiteElo "2226"]
[BlackElo "2353"]

1.Nf3 Nf6 2.g3 g6 3.Bg2 Bg7 4.O-O O-O 5.c4 c6 6.d4 d5 7.Nbd2 Nbd7 8.Qc2 b6
9.a4 a5 10.b3 Bb7 11.Ba3 Rc8 12.Bh3 Re8 13.Rad1 Qc7 14.e4 dxe4 15.Nxe4 Nxe4
16.Qxe4 c5 17.d5 e6 18.Qh4 exd5 19.cxd5 Rcd8 20.Bc1 Ne5 21.Nxe5 Bxe5 22.Rfe1
Rxd5 23.Rxd5 Bxd5 24.Bf4 Bc6 25.Rxe5 Rxe5 26.Bf1 Qe7 27.Bxe5 Qxe5 28.Qd8+ Kg7
29.Qd3 Qd5 30.Qxd5 Bxd5 31.Bc4 Bxc4 32.bxc4 Kf6 33.f4 Kf5 {#R} 0-1

[Event "Ch Australia (reserves)"]
[Site "masterchessopen.com Melbourne (Australia)"]
[Round "4"]
[White "Voon Richard (AUS)"]
[Black "Krunic Michael (AUS)"]
[Result "1-0"]
[WhiteElo "1925"]
[BlackElo "1786"]

1.Nf3 d5 2.d4 Nf6 3.g3 g6 4.Bg2 Bg7 5.O-O O-O 6.c4 c6 7.Nbd2 Na6 8.Re1 Ne4
9.cxd5 cxd5 10.Nb3 Bd7 11.Bf4 f6 12.Nfd2 Bc6 13.Nxe4 dxe4 14.Be3 Bd5 15.Nc5
Nxc5 16.dxc5 f5 17.Bd4 e5 18.Bc3 Bc6 19.Qc2 Qe7 20.b4 Qf7 21.Bb2 Rad8 22.Red1
Qe6 23.e3 g5 24.Bf1 Qf6 25.a4 Rxd1 26.Rxd1 Rd8 27.b5 Be8 28.Bc4+ Kh8 29.Ba3 h5
30.Bb3 Rd3 31.Rxd3 exd3 32.Qxd3 e4 33.Qd5 Kh7 34.Qg8+ Kh6 35.Qxe8 Qa1+ 36.Kg2
h4 37.Qe6+ Bf6 38.Qxf5 g4 39.Qxg4 Qxa3 40.Bf7 h3+ 41.Kxh3 {#r} 1-0

[Event "Ch Russia (1/2 final)"]
[Site "masterchessopen.com Novosibirsk (Russia)"]
[Round "4"]
[White "Logunov Maxim (RUS)"]
[Black "Janov Dimitry (RUS)"]
[Result "0-1"]
[WhiteElo "2424"]
[BlackElo "2354"]

1.d4 Nf6 2.c4 g6 3.g3 c6 4.Bg2 d5 5.Nf3 Bg7 6.Nbd2 O-O 7.O-O Ne4 8.Qb3 Qb6
9.cxd5 Qxb3 10.axb3 Nxd2 11.Bxd2 cxd5 12.Ne5 f6 13.Nd3 e6 14.e3 Nc6 15.b4 Ne7
16.Rfc1 Nf5 17.b5 b6 18.Bb4 Rd8 19.Nf4 Bh6 20.Rc7 a5 21.h3 Bxf4 22.gxf4 Rd7
23.Rc3 Rda7 24.Ba3 Bd7 25.Bf1 Kf7 26.Rac1 Ke8 27.Bd3 Kd8 28.Kf1 Rc8 29.Ke2
Rac7 30.f3 Be8 31.Rxc7 Rxc7 32.Rd1 Kd7 33.Kf2 Nd6 34.Bxd6 Kxd6 35.e4 Ke7 36.h4
dxe4 37.fxe4 e5 38.fxe5 fxe5 39.Ke3 exd4+ 40.Kxd4 Rc5 41.Ra1 Bxb5 42.b4 axb4
43.Ra7+ Kd6 44.Bb1 Rc4+ 45.Ke3 Rc1 46.Ba2 b3 47.Bxb3 {#R} 0-1

[Event "It (open) \"]
[Site "masterchessopen.com Paris (France)"]
[Round "7"]
[White "Krivokapic Ratko (FRA)"]
[Black "Kosoian Bela (FRA)"]
[Result "1-0"]
[WhiteElo "2261"]
[BlackElo "2024"]

1.Nf3 Nf6 2.g3 g6 3.Bg2 Bg7 4.O-O O-O 5.c4 c6 6.d4 d5 7.Nbd2 Nbd7 8.b3 Rb8
9.a4 a5 10.Bb2 e6 11.Qc2 b5 12.axb5 cxb5 13.cxb5 Rxb5 14.Bc3 Qb6 15.Rfc1 Bb7
16.e3 Ne4 17.Nxe4 dxe4 18.Nd2 Bd5 19.Nc4 Qb8 20.Nxa5 f5 21.b4 Rc8 22.Qa4 Nf6
23.Bf1 Rb6 24.b5 h5 25.Bd2 h4 26.Rxc8+ Qxc8 27.Rc1 Qb8 28.Nc6 Bxc6 29.bxc6 Nd5
30.Ba5 Rb2 31.c7 {#r} 1-0

[Event "It (open) \"]
[Site "masterchessopen.com Paris (France)"]
[Round "7"]
[White "Krivokapic Ratko (FRA)"]
[Black "Le Remy (FRA)"]
[Result "1-0"]
[WhiteElo "2261"]
[BlackElo "2052"]

1.Nf3 Nf6 2.g3 g6 3.Bg2 Bg7 4.O-O O-O 5.c4 c6 6.d4 d5 7.Nbd2 b5 8.b3 Nbd7
9.Bb2 Rb8 10.Qc2 bxc4 11.bxc4 Nb6 12.Ne5 Bb7 13.Rfc1 e6 14.e3 Nbd7 15.Ba3 Re8
16.Bd6 Ra8 17.Rab1 Qc8 18.Qb3 Ba6 19.cxd5 exd5 20.Rxc6 Rb8 21.Bxb8 Qxb8
22.Nxd7 Nxd7 23.Rxa6 {#r} 1-0

[Event "It (open)"]
[Site "masterchessopen.com Recklinghausen (Germany)"]
[Round "9"]
[White "Hausrath Daniel (GER)"]
[Black "Mainka Gregor (GER)"]
[Result "0-1"]
[WhiteElo "2454"]
[BlackElo "2352"]

1.Nf3 d5 2.g3 g6 3.Bg2 Bg7 4.d4 c6 5.O-O Nf6 6.Nbd2 O-O 7.c4 Bf5 8.b3 Nbd7
9.Bb2 Qa5 10.Nh4 Be6 11.Qc2 Rac8 12.Rac1 Rfd8 13.Rfd1 Bg4 14.h3 Be6 15.Kh2 Qa6
16.Qb1 b5 17.c5 b4 18.Re1 Ne8 19.g4 f6 20.f4 Bf7 21.e4 dxe4 22.Nxe4 Nc7 23.f5
Nf8 24.g5 Nb5 25.Rcd1 Bd5 26.Rf1 Bxe4 27.Qxe4 fxg5 28.Nf3 Qxa2 29.Rd2 Qxb3
30.fxg6 Nc3 31.gxh7+ Nxh7 32.Qg4 Rf8 33.Nxg5 Nxg5 34.Rxf8+ Rxf8 35.Qxg5 Qe6
36.d5 Qe5+ 37.Qxe5 Bxe5+ 38.Kh1 Rd8 39.Rd3 cxd5 {#R} 0-1

[Event "It (open)"]
[Site "masterchessopen.com Salzburg (Austria)"]
[Round "8"]
[White "Balinov Ilija (AUT)"]
[Black "Riedel Wolfgang (GER)"]
[Result "0-1"]
[WhiteElo "2444"]
[BlackElo "2354"]

1.c4 c6 2.Nf3 d5 3.d4 Nf6 4.g3 g6 5.Bg2 Bg7 6.O-O O-O 7.Nbd2 Ne4 8.e3 Nxd2
9.Nxd2 dxc4 10.Nxc4 Nd7 11.b3 Nb6 12.Ba3 Re8 13.Na5 Nd5 14.Nc4 Nb6 15.Na5 Nd5
16.Qd2 e5 17.e4 Nc7 18.d5 Nb5 19.Bb2 cxd5 20.exd5 Nd4 21.Rfe1 Bh3 22.Nxb7 Qb8
23.Bxd4 Bxg2 24.Kxg2 exd4 25.Qb4 d3 26.Rad1 Rxe1 27.Rxe1 Qc7 28.Re7 Qc1 29.d6
d2 30.Qf4 Qc6+ 31.f3 Qd5 32.d7 d1=Q 33.Re8+ Bf8 34.d8=Q Rxd8 35.Nxd8 Q1d2+
36.Qxd2 Qxd2+ 37.Kf1 Qd7 {#R} 0-1

[Event "It (open)"]
[Site "masterchessopen.com Savaria (Hungary)"]
[Round "5"]
[White "Budai David (HUN)"]
[Black "Traczewski Wojciech (POL)"]
[Result "1-0"]
[WhiteElo "2117"]
[BlackElo "1780"]

1.d4 Nf6 2.c4 g6 3.Nf3 Bg7 4.g3 O-O 5.Bg2 c6 6.O-O d5 7.Nbd2 dxc4 8.Nxc4 Be6
9.b3 Nbd7 10.Bb2 Bd5 11.Re1 Nb6 12.Nce5 Bxf3 13.Bxf3 Nfd7 14.Nd3 Re8 15.Qc2 e5
16.dxe5 Nxe5 17.Nxe5 Bxe5 18.Bxe5 Rxe5 19.Rad1 Qe7 20.Rd2 Rd8 21.Rxd8+ Qxd8
22.Rd1 Nd5 23.Qc5 Qe7 24.Qxe7 Rxe7 25.Bxd5 cxd5 26.e3 Rd7 27.Kf1 Kf8 28.Ke2
Ke7 29.Rc1 f5 30.Kd3 Kd6 31.Kd4 Re7 32.f3 b6 33.b4 g5 34.b5 g4 35.Rc6+ Kd7
36.f4 Re4+ 37.Kxd5 Rb4 38.a4 Rxa4 39.Rh6 Re4 40.Rxh7+ Ke8 41.Rxa7 Rxe3 42.Rb7
Re2 43.Rxb6 Rxh2 44.Ra6 Rb2 45.b6 Kd7 46.Ra7+ Kc8 47.Ke6 Rb3 48.Kxf5 Rxg3
49.Rg7 Rb3 50.b7+ Kb8 51.Kxg4 Rb1 52.Kf5 Rb5+ 53.Kg6 Rb6+ 54.Kg5 Rb1 55.Re7
Rb5+ 56.f5 Rb1 57.Kg6 Rg1+ 58.Kf7 Rh1 59.f6 Rh7+ 60.Kg6 Rh1 61.f7 {#r} 1-0

[Event "Ch ASEAN (juniors) (under 12) (g)"]
[Site "masterchessopen.com Singapore"]
[Round "2"]
[White "Liu Yang (SIN)"]
[Black "Pham Bich Ngoc (VIE)"]
[Result "0-1"]
[WhiteElo "2050"]
[BlackElo "2078"]

1.d4 d5 2.c4 c6 3.Nf3 Nf6 4.Nbd2 g6 5.g3 Bg7 6.Bg2 O-O 7.O-O Bf5 8.b3 Nbd7
9.Bb2 Ne4 10.Nh4 e6 11.Nxf5 exf5 12.cxd5 cxd5 13.e3 Re8 14.Nf3 Rc8 15.Rc1 Rc6
16.Qe2 Qa5 17.a3 Rec8 18.b4 Qa4 19.Qd1 Nb6 20.Rxc6 Rxc6 21.Qa1 Nc4 22.Rc1 Qb3
23.Rb1 Qc2 24.Bc1 Qd1+ {#R} 0-1

[Event "Tournament (weekend) (a)"]
[Site "masterchessopen.com Monza (Italy)"]
[Date "2002.03.16"]
[Round "1"]
[White "Bison Beniamino (ITA)"]
[Black "Zacco Remo (ITA)"]
[Result "1-0"]
[WhiteElo "2197"]
[BlackElo "2093"]

1.d4 Nf6 2.c4 g6 3.g3 Bg7 4.Bg2 O-O 5.Nf3 c6 6.O-O d5 7.Nbd2 Ne4 8.b3 Nc3
9.Qe1 c5 10.e3 cxd4 11.exd4 dxc4 12.Nxc4 Nc6 13.Bb2 Nd5 14.Qd2 Be6 15.Ng5 Bf5
16.Ne4 Rc8 17.Rac1 b6 18.Ne5 Ndb4 19.Nxc6 Nxc6 20.d5 Ne5 21.f4 Ng4 22.Bxg7
Kxg7 23.Qd4+ Kg8 24.Ng5 Qd6 25.h3 Nf6 26.Rfd1 Rfd8 27.Qa4 a5 28.g4 Bd7 29.Qd4
Bb5 30.Rxc8 Rxc8 31.a4 Ba6 32.Nf3 Bb7 33.Ne5 Rd8 34.Nc4 Nd7 35.Nxd6 {#r} 1-0

[Event "It (open)"]
[Site "masterchessopen.com Werther (Germany)"]
[Date "2002.03.22"]
[Round "1"]
[White "Gudath Reiner (GER)"]
[Black "Bruchmann Stephan (GER)"]
[Result "0-1"]
[WhiteElo "1990"]
[BlackElo "2229"]

1.c4 c6 2.Nf3 Nf6 3.g3 g6 4.Bg2 Bg7 5.O-O O-O 6.d4 d5 7.Nbd2 Ne4 8.e3 Nxd2
9.Nxd2 Be6 10.b3 c5 11.Bb2 cxd4 12.Bxd4 Bxd4 13.exd4 Nc6 14.cxd5 Bxd5 15.Nf3
Qb6 16.Ne5 Bxg2 17.Kxg2 Nxd4 18.Qg4 Rad8 19.Rad1 Qc5 20.Qe4 Qd5 21.Qxd5 Rxd5
22.Nf3 Rfd8 23.Nxd4 Rxd4 24.Rxd4 Rxd4 25.Rc1 Rd7 26.Rc2 Kg7 27.f4 Kf6 28.Kf3
h6 29.Ke4 e6 30.h3 b6 31.Rc3 Rd2 32.a4 Re2+ 33.Kd4 Rh2 34.g4 {#R} 0-1

[Event "It (open)"]
[Site "masterchessopen.com Bresso (Italy)"]
[Date "2002.06.09"]
[Round "5"]
[White "Bison Beniamino (ITA)"]
[Black "Dragojlovic Andjelko (SRB)"]
[Result "0-1"]
[WhiteElo "2197"]
[BlackElo "2334"]

1.d4 Nf6 2.c4 g6 3.g3 c6 4.Nf3 Bg7 5.Bg2 O-O 6.O-O d5 7.Nbd2 Bf5 8.b3 a5 9.Bb2
Qb6 10.Nh4 Be6 11.Rc1 a4 12.e4 dxe4 13.Nxe4 Nxe4 14.Bxe4 axb3 15.axb3 Rd8
16.Nf3 Bg4 17.c5 Qc7 18.Rc2 Na6 19.Rc4 Rd7 20.Qa1 f5 21.Ne5 Bxe5 22.dxe5 e6
23.f3 Bh3 24.Bc2 Bxf1 25.Qxf1 Rad8 26.b4 b5 27.Rh4 Rd2 28.Qc1 Qd7 29.Bc3 Nc7
30.Bxd2 Qxd2 31.Qxd2 Rxd2 32.Bb3 Rd3 33.Bc2 Rxf3 34.Rd4 Nd5 35.Bd1 Re3 36.Kf2
Rxe5 37.Bc2 Kf7 38.h3 Kf6 39.Bd3 Ne7 {#R} 0-1

[Event "It (open)"]
[Site "masterchessopen.com Brno (Czech Republic)"]
[Round "6"]
[White "Vitaljic Nebojsa (CRO)"]
[Black "Stehlik Jiri (CZE)"]
[Result "1-0"]
[WhiteElo "2179"]
[BlackElo "2096"]

1.Nf3 d5 2.g3 g6 3.Bg2 Bg7 4.O-O c6 5.d4 Nf6 6.Nbd2 O-O 7.c4 Bf5 8.Qb3 Qc8
9.Re1 a5 10.cxd5 cxd5 11.Ne5 Nc6 12.Ndf3 Ne4 13.Be3 f6 14.Qxd5+ e6 15.Nxc6
exd5 16.Ne7+ Kf7 17.Nxc8 Rfxc8 18.Rac1 Be6 19.Rxc8 Rxc8 20.Rc1 Rxc1+ 21.Bxc1
g5 22.Ne1 Nd6 23.e3 Bf8 24.Kf1 Nc4 25.Nd3 b6 26.f4 Ke8 27.e4 dxe4 28.Bxe4 h6
29.Bc6+ Kd8 30.b3 Na3 31.fxg5 Bf5 32.Nc5 Nc2 33.Be4 Bxe4 34.Nxe4 fxg5 35.d5
Bg7 36.Bd2 Kd7 37.Ke2 Nd4+ 38.Ke3 Nb5 39.Kf3 Nc7 40.d6 Nd5 41.Kg4 Ke6 42.Kh5
Bd4 43.Kxh6 g4 44.Kg5 Bg1 45.Be1 Bxh2 46.Bf2 b5 47.Kxg4 Nb4 48.a4 bxa4 49.bxa4
Nd3 50.Nc5+ {#r} 1-0

[Event "It (open)"]
[Site "masterchessopen.com Gyongyos (Hungary)"]
[Date "2002.07.24"]
[Round "2"]
[White "Devcic Darko (CRO)"]
[Black "Balog Marton (HUN)"]
[Result "1-0"]
[WhiteElo "2212"]
[BlackElo "2156"]

1.d4 d5 2.Nf3 Nf6 3.g3 g6 4.c4 c6 5.Nbd2 Bg7 6.Bg2 O-O 7.O-O e6 8.Qc2 Re8 9.b3
Nbd7 10.Bb2 Qc7 11.Rad1 b6 12.e4 dxe4 13.Nxe4 Nxe4 14.Qxe4 Bb7 15.Ne5 Nxe5
16.dxe5 Rad8 17.b4 Ba8 18.c5 Bf8 19.Rd6 f5 20.Qd4 Qc8 21.Rd1 Be7 22.Bf1 b5
23.f4 Qc7 24.Bd3 Bb7 25.Bc2 Bc8 26.Qd3 Kf7 27.g4 Rg8 28.gxf5 gxf5+ 29.Kh1 Ke8
30.a4 a6 31.Qf3 Bxd6 32.exd6 Qf7 33.axb5 axb5 34.Ra1 Bd7 35.Bd1 Qg6 36.Be2 Kf7
37.Qh3 Kf8 38.Bd4 Be8 39.Rg1 {#r} 1-0

[Event "Staatsliga B South 2003/04"]
[Site "masterchessopen.com Austria"]
[Round "1"]
[White "Weiss Matthias (GER)"]
[Black "Froschauer Hans (AUT)"]
[Result "0-1"]
[WhiteElo "2065"]
[BlackElo "2122"]

1.d4 Nf6 2.Nf3 d5 3.g3 g6 4.Bg2 Bg7 5.O-O O-O 6.c4 c6 7.Nbd2 a5 8.Re1 Bf5
9.Qb3 Ra7 10.cxd5 cxd5 11.Ne5 Nc6 12.Nxc6 bxc6 13.Qc3 Qb6 14.Nb3 Nd7 15.e4
dxe4 16.Bxe4 Bxe4 17.Rxe4 a4 18.Nc5 Nxc5 19.dxc5 Qd8 20.Qc2 a3 21.Qb3 Qd5
22.Re1 axb2 23.Bxb2 Bxb2 24.Qxb2 Qxc5 25.Rac1 Qd5 26.Qb6 Qxa2 27.Rxc6 Rd7
28.Rc7 Rxc7 29.Qxc7 e6 30.Rd1 h5 31.Rd7 Qb1+ 32.Kg2 Qe4+ 33.Kg1 h4 34.Rd1 h3
35.Kf1 Qg2+ 36.Ke2 Qe4+ 37.Kf1 e5 38.Qc3 Qg2+ 39.Ke2 Qe4+ 40.Kf1 Ra8 41.f3 Qf5
42.g4 Qf4 43.Rd2 e4 {#R} 0-1

[Event "Ch Serbia & Montenegro (team) (2 league)"]
[Site "masterchessopen.com Belgrade (Yugoslavia)"]
[Round "9"]
[White "Pavlovic Dragoljub (SRB)"]
[Black "Tatisic Milan (SRB)"]
[Result "1-0"]
[WhiteElo "2252"]
[BlackElo "2241"]

1.d4 Nf6 2.Nf3 g6 3.g3 Bg7 4.Bg2 d5 5.O-O O-O 6.Nbd2 c6 7.c4 dxc4 8.Nxc4 Be6
9.b3 Bd5 10.Bb2 Bh6 11.e3 b5 12.Nce5 Nfd7 13.Rc1 f6 14.Nd3 a5 15.Nd2 Bxg2
16.Kxg2 Bg7 17.Nf4 Nb6 18.Qg4 f5 19.Qe2 g5 20.Nd3 Qd5+ 21.Qf3 e6 22.Qxd5 exd5
23.Rc2 N6d7 24.Rfc1 Ra6 25.Ba3 b4 26.Bb2 Re8 27.h3 h6 28.Nf3 Re6 29.h4 Rg6
30.hxg5 hxg5 31.Rh1 Bf6 32.Bc1 Rb6 33.Bd2 Kg7 34.Rhc1 g4 35.Ng1 Be7 36.Ne2 Bd6
37.Rh1 Nf6 38.Nef4 Rh6 39.Ne6+ Kf7 40.Rxh6 Kxe6 41.Bc1 Kf7 42.Bb2 Kg7 43.Rh1
Rb7 44.Ne5 Rb6 45.Rhc1 Bxe5 46.dxe5 Ne4 47.Bd4 Rb5 48.e6+ Kf8 49.Be5 c5 50.Rd1
Nc6 51.Rxd5 Ke7 52.Bb2 Kxe6 53.Rd1 a4 54.bxa4 Ra5 55.f3 Ng5 56.fxg4 fxg4
57.Rc4 Nf3 58.Rxg4 Nce5 59.Bxe5 Nxe5 60.Rh4 Rxa4 61.Rh6+ Ke7 62.Rd2 c4 63.Kh3
Ra5 64.Rb6 {#r} 1-0

[Event "It (open)"]
[Site "masterchessopen.com Forchtenberg (Germany)"]
[Round "3"]
[White "Unterkoffler Thomas (GER)"]
[Black "Schwarz Arnd-Ruediger (GER)"]
[Result "0-1"]
[WhiteElo "2032"]
[BlackElo "2139"]

1.d4 Nf6 2.Nf3 g6 3.g3 Bg7 4.Bg2 O-O 5.O-O d5 6.Nbd2 c6 7.c4 a6 8.b3 Ne4 9.Bb2
f5 10.cxd5 cxd5 11.e3 Nc6 12.Qe2 Bd7 13.Rfc1 Rf7 14.a3 e6 15.Rc2 Be8 16.Rac1
Nd6 17.Ne5 Nxe5 18.dxe5 Bb5 19.Qe1 Ne8 20.a4 Bd7 21.f4 Bf8 22.Nf3 Rc8 23.Nd4
Rxc2 24.Rxc2 Bc8 25.Qc1 Rc7 26.Bf1 Rxc2 27.Qxc2 Qc7 28.Qxc7 Nxc7 29.Kf2 Kf7
30.Ke2 Bd7 31.Kd2 Bc5 32.Nc2 Ke8 33.Ba3 Ba7 34.Bd6 Kd8 35.Bb4 Kc8 36.Bc3 Bc5
37.Bd4 b6 38.Be2 Kb7 39.Kc3 Be7 40.h4 a5 41.Kb2 Na6 42.Bxa6+ Kxa6 43.Kc3 b5
44.axb5+ Bxb5 45.Kd2 a4 46.bxa4 Bxa4 47.Ne1 Kb5 48.Nf3 h6 49.Bc3 Kc4 50.Nd4
Bd7 51.Nf3 Ba3 52.Ba5 Bc5 53.Ne1 d4 54.Nc2 dxe3+ 55.Nxe3+ Kd4 56.Bc3+ Ke4
57.Nf1 Bb5 {#R} 0-1

[Event "It (open)"]
[Site "masterchessopen.com La Pobla de Lillet (Spain)"]
[Round "7"]
[White "Moreno De La Fuente Jose A (ESP)"]
[Black "Canal Sala Llorenz (ESP)"]
[Result "1-0"]
[WhiteElo "2101"]
[BlackElo "2005"]

1.d4 Nf6 2.c4 g6 3.g3 c6 4.Bg2 d5 5.Nd2 Bg7 6.Ngf3 O-O 7.O-O e6 8.Qc2 Nbd7
9.b3 b6 10.e4 dxe4 11.Nxe4 Nxe4 12.Qxe4 Bb7 13.Bb2 Rb8 14.Rad1 Qc7 15.Qh4 c5
16.Rd2 cxd4 17.Bxd4 e5 18.Be3 f6 19.Rfd1 Rfd8 20.b4 Nf8 21.c5 Rxd2 22.Rxd2 Rd8
23.Qc4+ Kh8 24.Rxd8 Qxd8 25.c6 Qd1+ 26.Bf1 Qxf3 27.cxb7 Qxb7 28.Bg2 Qe7 29.a4
Qd7 30.Bc6 Qe6 31.Bd5 Qd7 32.a5 bxa5 33.bxa5 f5 34.Qc6 Qd8 35.a6 f4 36.Bxa7
Nd7 37.Qa8 Bf6 38.gxf4 exf4 39.Qxd8+ Bxd8 40.Bd4+ {#r} 1-0

[Event "Ch Czech Republic"]
[Site "masterchessopen.com Luhacovice (Czech Republic)"]
[Round "3"]
[White "Trichkov Vasil (CZE)"]
[Black "Konopka Michal (CZE)"]
[Result "1-0"]
[WhiteElo "2337"]
[BlackElo "2458"]

1.d4 Nf6 2.Nf3 g6 3.g3 Bg7 4.Bg2 d5 5.O-O O-O 6.Nbd2 c6 7.c4 Bf5 8.b3 Nbd7
9.Bb2 b5 10.Ne5 Rc8 11.Rc1 Qb6 12.Nxd7 Bxd7 13.c5 Qc7 14.b4 a5 15.a3 Bf5
16.Bc3 a4 17.f3 Qd7 18.g4 Be6 19.e3 h5 20.h3 hxg4 21.fxg4 Qc7 22.Nf3 Ne4
23.Be1 Bh6 24.Qe2 f6 25.Nd2 Ng3 26.Bxg3 Qxg3 27.Rf3 Qc7 28.Rcf1 Rf7 29.Qe1 Bd7
30.e4 Be6 31.Rd3 Rd8 32.exd5 Bxd5 33.Bxd5 Rxd5 34.Ne4 Qd7 35.Qf2 Qd8 36.Nc3
Rd7 37.d5 e5 38.d6 f5 39.Rf3 Qe8 40.gxf5 e4 41.Rg3 e3 42.Rxg6+ Rg7 43.Qa2+ Kh7
44.Kh1 Rxg6 45.fxg6+ Qxg6 46.Rg1 Qf7 47.Qxf7+ Rxf7 48.Re1 Kg6 49.Kg2 Rf2+
50.Kg3 Kf5 51.Ne2 Ke6 52.Kg4 Kd7 53.h4 Bg7 54.Ng3 Bh6 55.Re2 Rf4+ 56.Kh5 Rf3
57.Ne4 Bg7 58.Kg4 Rf1 59.Rxe3 Rb1 60.Rf3 Bd4 61.Rf7+ Kd8 62.Ng5 Re1 63.Ra7 Bf6
64.Nf7+ Kc8 65.Rc7+ Kb8 66.Rxc6 Rg1+ 67.Kf5 Bxh4 68.Rb6+ Ka7 69.Ne5 {#r} 1-0

[Event "It (open)"]
[Site "masterchessopen.com Mariupol (Ukraine)"]
[Round "9"]
[White "Golovanj Andrej (UKR)"]
[Black "Pilipenko Andrey (UKR)"]
[Result "1-0"]
[WhiteElo "2217"]
[BlackElo "2239"]

1.d4 Nf6 2.c4 g6 3.Nf3 Bg7 4.g3 c6 5.Bg2 O-O 6.O-O d5 7.Nbd2 Ne4 8.e3 f5 9.Qc2
Nd7 10.cxd5 cxd5 11.b3 Rf6 12.Bb2 Rc6 13.Qd3 b6 14.Rac1 Bb7 15.Rxc6 Bxc6
16.Rc1 Bb7 17.Ne5 Nxe5 18.dxe5 Rc8 19.Nxe4 dxe4 20.Qxd8+ Rxd8 21.Bf1 Rc8
22.Rd1 Bc6 23.Ba6 Rb8 24.Rc1 Bb7 25.Bxb7 Rxb7 26.Rc8+ Bf8 27.e6 g5 28.Bd4 a5
29.a3 a4 30.b4 b5 31.Kf1 h6 32.Ke2 h5 33.f3 exf3+ 34.Kxf3 h4 35.gxh4 gxh4
36.h3 Kh7 37.Rxf8 {#r} 1-0

[Event "Ch Belarus"]
[Site "masterchessopen.com Minsk (Belarus)"]
[Round "3"]
[White "Lukashok Alexandr (BLR)"]
[Black "Novitzkij Dmitrij (BLR)"]
[Result "0-1"]
[WhiteElo "2365"]
[BlackElo "2394"]

1.Nf3 d5 2.c4 c6 3.g3 g6 4.Bg2 Bg7 5.d4 Nf6 6.O-O O-O 7.Nbd2 Ne4 8.cxd5 cxd5
9.Nxe4 dxe4 10.Ne5 f6 11.Nc4 Be6 12.Ne3 f5 13.d5 Bf7 14.Qb3 Nc6 15.Qxb7 Nd4
16.Qa6 Rb8 17.Re1 Bxd5 18.Nxd5 Qxd5 19.Bg5 Rxb2 20.Bxe7 Rfb8 21.Rac1 Rxa2
22.Rc5 Rxa6 23.Rxd5 Ra2 24.Bf1 Rbb2 25.Rc1 Nxe2+ 26.Bxe2 Rxe2 27.Rd8+ Kf7
28.Rc7 Be5 29.Rb7 Ke6 30.Bc5 f4 31.gxf4 Bxf4 32.Re7+ Kf5 33.Rf8+ Kg4 34.Ref7
Bh6 35.Rb8 Ra1+ 36.Kg2 Ree1 37.f3+ exf3+ 38.Rxf3 Re2+ 39.Bf2 Rg1+ 40.Kxg1 Kxf3
{#R} 0-1